Sélection de tuiles - Top 6 histoire - Statistiques

Statistiques générales
  • Ce quiz a été pris 27 fois
  • Le résultat moyen est 37 sur 60
Statistiques - réponses
Question Tuile Select % Correct
Empires les plus vastes de l'histoire Empire du Brésil Non
100%
Empires les plus vastes de l'histoire Empire britannique Oui
96%
Pays ayant remporté le plus de batailles dans son histoire Pologne Non
96%
Monarques français aux règnes les plus longs Clotaire II Non
92%
Pays ayant remporté le plus de batailles dans son histoire France Oui
92%
Monarques français aux règnes les plus longs Louis XIV Oui
92%
Monarques français aux règnes les plus longs Robert II Non
92%
Pays ayant remporté le plus de batailles dans son histoire Autriche Non
88%
Monarques français aux règnes les plus longs Charlemagne Oui
88%
Empires les plus vastes de l'histoire Dynastie Yuan Non
88%
Empires les plus vastes de l'histoire Empire du Japon Non
88%
Empires les plus vastes de l'histoire Empire mongol Oui
88%
Pays ayant obtenu leur indépendance le plus récemment Kosovo Oui
88%
Villes françaises les plus peuplées en l'an 1000 Lille Non
88%
Villes françaises les plus peuplées en l'an 1000 Paris Oui
88%
Pays ayant obtenu leur indépendance le plus récemment Soudan du Sud Oui
88%
Pays ayant remporté le plus de batailles dans son histoire Japon Non
83%
Pays ayant remporté le plus de batailles dans son histoire Royaume-Uni Oui
83%
Pays ayant obtenu leur indépendance le plus récemment Zambie Non
83%
Empires les plus vastes de l'histoire Califat omeyyade Non
79%
Villes françaises les plus peuplées en l'an 1000 Metz Non
79%
Pays ayant obtenu leur indépendance le plus récemment Slovaquie Non
75%
Villes françaises les plus peuplées en l'an 1000 Strasbourg Non
75%
Pays ayant obtenu leur indépendance le plus récemment Timor Oriental Oui
75%
Empires les plus vastes de l'histoire Empire colonial français Oui
71%
Pays ayant remporté le plus de batailles dans son histoire Allemagne/Prusse Oui
67%
Empires les plus vastes de l'histoire Empire espagnol Oui
67%
Pays ayant obtenu leur indépendance le plus récemment Nauru Non
67%
Villes françaises les plus peuplées en l'an 1000 Rouen Oui
67%
Pays ayant remporté le plus de batailles dans son histoire Russie/URSS Oui
67%
Pays ayant obtenu leur indépendance le plus récemment Erythrée Non
63%
Pays ayant remporté le plus de batailles dans son histoire Chine Non
58%
Empires les plus vastes de l'histoire Empire russe Oui
58%
Pays ayant remporté le plus de batailles dans son histoire États-Unis Oui
58%
Pays ayant obtenu leur indépendance le plus récemment Moldavie Non
58%
Pays ayant obtenu leur indépendance le plus récemment Serbie Oui
58%
Pays ayant obtenu leur indépendance le plus récemment Taiwan Non
58%
Villes françaises les plus peuplées en l'an 1000 Bordeaux Oui
54%
Pays ayant remporté le plus de batailles dans son histoire Inde/Moghols Non
54%
Pays ayant obtenu leur indépendance le plus récemment Monténégro Oui
54%
Monarques français aux règnes les plus longs Louis XV Oui
50%
Pays ayant remporté le plus de batailles dans son histoire Turquie/Ottoman Non
46%
Monarques français aux règnes les plus longs Charles V Non
42%
Monarques français aux règnes les plus longs Philippe 1er Oui
42%
Monarques français aux règnes les plus longs Philippe II Auguste Non
42%
Monarques français aux règnes les plus longs Henri IV Non
38%
Pays ayant obtenu leur indépendance le plus récemment Palaos Oui
38%
Empires les plus vastes de l'histoire Dynastie Qing Oui
33%
Monarques français aux règnes les plus longs Louis IX Non
33%
Villes françaises les plus peuplées en l'an 1000 Orléans Non
33%
Villes françaises les plus peuplées en l'an 1000 Arras Oui
29%
Empires les plus vastes de l'histoire Empire ottoman Non
29%
Empires les plus vastes de l'histoire Empire romain Non
29%
Villes françaises les plus peuplées en l'an 1000 Toulouse Oui
29%
Villes françaises les plus peuplées en l'an 1000 Blois Oui
25%
Pays ayant remporté le plus de batailles dans son histoire Espagne Oui
25%
Monarques français aux règnes les plus longs Childebert Ier Oui
21%
Monarques français aux règnes les plus longs Clotaire Ier Oui
21%
Villes françaises les plus peuplées en l'an 1000 Marseille Non
17%
Villes françaises les plus peuplées en l'an 1000 Lyon Non
8%
Aucun quiz correspondant
Distribution des résultats
% des personnes avec chaque résultat
Percentile par nombre de réponses
Votre historique - résultats
Vous n’avez pas pris ce quiz